| 000 | 00609nam a2200229 a 4500 | ||
|---|---|---|---|
| 999 |
_c7862 _d7862 |
||
| 001 | 7862 | ||
| 003 | BD-JhCC | ||
| 005 | 20180214175154.0 | ||
| 008 | 180214s1980 b |||| || | 000 0 eng d | ||
| 035 | _a(BD-JhCC)7862 | ||
| 040 |
_aBD-JhCC _dBD-JhCC |
||
| 041 | _aeng | ||
| 082 |
_a297.36095492 _bJAF 1980 |
||
| 100 | _aJafar, Abu | ||
| 245 |
_aMuslim Festivals in Bangladesh / _cAbu Jafar, |
||
| 260 |
_aDacca : _bIslamic Foundation Bangladesh, _c1980. |
||
| 300 |
_a115 p. : _c22 cm. |
||
| 504 | _aIncludes Bibliography | ||
| 650 |
_aJast and fesetes _zBangladesh |
||
| 942 |
_2ddc _cBK |
||